Kraje które już nie istnieją-nagła śmierć cz.2 - Statystyki

Ogólne statystyki
  • Ten quiz został rozwiązany 38 razy
  • Średni wynik to 11 z 14
Answers on the Grid
Answers color-coded by a green-red scale on the quiz's grid according to % correct below.
Libania
Liban
Kaukazja
Mauretania
Gujana
Tasmania
Lesotho
Listenburg
Nauru
Elbonia
Kekistan
Komory
Poyais
Benin
Belize
Dahomey
Surinam
Tannu-Tuva
Vemerana
Tonga
Dżibuti
Burkina Faso
Talan
Erytrea
 
Statystyki odpowiedzi
Odpowiedź % Poprawnych
Benin
89%
Lesotho
89%
Liban
89%
Belize
86%
Burkina Faso
86%
Dżibuti
86%
Erytrea
86%
Gujana
86%
Tonga
86%
Mauretania
82%
Nauru
82%
Surinam
82%
Komory
79%
Listenburg
18%
Nie znaleziono quizów pasujących do podanych kryteriów
Rozkład punktacji
Procent ludzi z każdym wynikiem
Percentyl według liczby udzielonych odpowiedzi
Twoja historia wyników
Nie rozwiązałeś tego quizu